Dejiny slovenskej hudby od najstarších čias po súčasnosť

Bibliographic Details
Main Authors: Muntág, Emanuel, 1929-2007 (Author), Elschek, Oskár, 1931-2026 (Author)
Format: Article
Language:Slovak
ISSN:1335-1303
Subjects:

MARC

LEADER 00000nab a2200000 a 4500
001 vtls000633553
003 SK-MaSNL
005 20260305003740.0
008 160401c xo 0 slo
015 |a SNBRB19rr/mm-uuuuu 
035 |a CL0633692 
040 |a SNKBUCL  |b slo  |c SNKBUCL  |e AACR2 
041 0 |a slo 
044 |a xo  |c SK 
080 |a 78(437.6)(091)  |2 1981 
100 1 |a Muntág, Emanuel,  |d 1929-2007  |4 aut 
245 1 0 |a Dejiny slovenskej hudby od najstarších čias po súčasnosť  |c Emanuel Muntág 
650 0 7 |a hudba slovenská  |2 snkbucl  |9 426131 
655 7 |a články z novín a časopisov  |2 snkbucl  |9 267496 
700 1 |a Elschek, Oskár,  |d 1931-2026  |4 aut  |9 89406 
773 0 |x 1335-1303  |t Slovenské národné noviny  |g Roč. 8 (12), č. 36-37 (1997), s. 12 
787 0 8 |i Rec.:  |a Elschek, Oskár  |t Dejiny slovenskej hudby od najstarších čias po súčasnosť  |d Bratislava : ÚHV SAV, 1996 
850 |a Slovenská národná knižnica v Martine  |a MTA001 
852 |a SNK  |b KIS3GCP 
958 |a SK 
958 |a RK 
958 |a RBX 
999 |c 3232050  |d 3233980